[Event "Ruhrgebiet VK3 1213"]
[Site "Nordrheinwestfalen"]
[Date "2013.02.24"]
[Round "7.6"]
[White "Coutelle, Joachim"]
[Black "Bury, Tobias"]
[Result "0-1"]
[WhiteElo "1817"]
[BlackElo "1823"]
[PlyCount "72"]
[EventDate "2012.09.02"]
[EventType "team-tourn"]
[EventRounds "9"]
[EventCountry "GER"]
[SourceTitle "EXT 2020"]
[Source "ChessBase"]
[SourceDate "2019.10.17"]
[SourceVersion "1"]
[SourceVersionDate "2019.10.17"]
[SourceQuality "1"]
[WhiteTeam "Essen Ueberruhr"]
[BlackTeam "Essen Werden"]
[WhiteTeamCountry "GER"]
[BlackTeamCountry "GER"]

1. e4 c5 2. Nf3 d6 3. d4 cxd4 4. Nxd4 Nf6 5. Nc3 a6 6. Be2 e5 7. Nf3 h6 8. h3 Be6 9. Be3 Nbd7 10. Qd2 Be7 11. Nh4 Nxe4 12. Nxe4 d5 13. Nf5 Bxf5 14. Qxd5 Qc7 15. g4 Be6 16. Qd2 Rc8 17. c3 Nc5 18. Nxc5 Bxc5 19. Bxc5 Qxc5 20. Bf3 Rd8 21. Qe2 b5 22. a4 0-0 23. axb5 axb5 24. Rd1 Bc4 25. Qc2 Rxd1+ 26. Qxd1 Qe7 27. Be4 Rd8 28. Qc2 Qe6 29. Bf5 Bb3 30. Qe2 Qa6 31. Qf3 Bd5 32. Be4 Qa1+ 33. Ke2 Bc4+ 34. Ke3 Qxb2 35. Rd1 Qxc3+ 36. Bd3 Rxd3+ 0-1